000 00468cam a2200145 4500500
005 20251012011303.0
041 _afre
042 _adc
100 1 0 _aRogé, Antoine
_eauthor
245 0 0 _aLe Who’s who de la “singularité”
260 _c2014.
500 _a91
786 0 _nPhilosophie magazine | 83 | 10 | 2014-10-01 | p. 33-33 | 1951-1787
856 4 1 _uhttps://shs.cairn.info/magazine-philosophie-magazine-2014-10-page-33?lang=fr&redirect-ssocas=7080
999 _c1522510
_d1522510